[Event "SV Wattenscheid 3 - SW Oberhausen 1"]
[Site "Verbandsklasse - Gr. 2 2019/2"]
[Date "2019.10.27"]
[Round "2.3"]
[White "Schwerdtfeger, Joachim"]
[Black "Wolf, Ulrich"]
[Result "0-1"]
[WhiteElo "1862"]
[BlackElo "2018"]
[PlyCount "52"]
[EventDate "2019.??.??"]

1. e4 c5 2. c3 Nf6 3. e5 Nd5 4. d4 e6 5. Nf3 cxd4 6. cxd4 d6 7. Bd3 Nc6 8. O-O
dxe5 9. dxe5 Be7 10. Nc3 Nxc3 11. bxc3 O-O 12. Qe2 Qc7 13. Qe4 g6 14. Bh6 Rd8
15. Rad1 b6 16. Rfe1 Bb7 17. Qg4 Rd5 18. Bf4 Rad8 19. Bc2 Rxd1 20. Bxd1 Na5 21.
Ng5 Qxc3 22. Rf1 Ba6 23. Qh4 Bxg5 24. Qxg5 Rd4 25. Be2 Bxe2 26. Rc1 Qxc1+ 0-1

[Event "SV Wattenscheid 3 - SW Oberhausen 1"]
[Site "Verbandsklasse - Gr. 2 2019/2"]
[Date "2019.10.27"]
[Round "2.4"]
[White "Thelen, Thomas"]
[Black "Matthes, Severin Johannes"]
[Result "1-0"]
[WhiteElo "2019"]
[BlackElo "1817"]
[PlyCount "69"]
[EventDate "2019.??.??"]

1. d4 Nf6 2. c4 e6 3. Nf3 b6 4. g3 Ba6 5. Nbd2 Be7 6. Bg2 O-O 7. e4 Bb7 8. Qc2
d5 9. e5 Nfd7 10. O-O c5 11. cxd5 exd5 12. Re1 Na6 13. a3 Rc8 14. Qa4 Qc7 15.
Bh3 Nab8 16. e6 Nf6 17. exf7+ Kh8 18. Bxc8 Bxc8 19. Ne5 cxd4 20. Ndf3 Bd6 21.
Bf4 Nbd7 22. Rac1 Qb8 23. Nc6 Qc7 24. Nxa7 Nc5 25. Re8 Qxf7 26. Rxf8+ Bxf8 27.
Rxc5 Bxc5 28. Nxc8 Ne4 29. Ne5 Qf8 30. Qa8 Nxf2 31. Kxf2 d3+ 32. Ke1 g5 33.
Nxb6 Qxa8 34. Nxa8 gxf4 35. gxf4 1-0

[Event "SV Wattenscheid 3 - SW Oberhausen 1"]
[Site "Verbandsklasse - Gr. 2 2019/2"]
[Date "2019.10.27"]
[Round "2.5"]
[White "Kyas, Jens-Stefan"]
[Black "Meyer, Juergen"]
[Result "1-0"]
[WhiteElo "1763"]
[BlackElo "1855"]
[PlyCount "53"]
[EventDate "2019.??.??"]

1. f4 d5 2. Nf3 Nf6 3. e3 e6 4. d4 Bd6 5. Bd3 O-O 6. O-O c5 7. c3 Nc6 8. Nbd2
Ne7 9. Ne5 Nf5 10. Rf3 Nd7 11. g4 Nh4 12. Rh3 Bxe5 13. dxe5 g5 14. Rxh4 gxh4
15. g5 Nxe5 16. Bxh7+ Kxh7 17. Qh5+ Kg8 18. fxe5 Qe8 19. Nf3 f5 20. g6 Qe7 21.
Ng5 Qg7 22. Nh7 Bd7 23. Nf6+ Rxf6 24. exf6 Qxf6 25. Qh7+ Kf8 26. e4 f4 27. Bxf4
1-0

[Event "SV Wattenscheid 3 - SW Oberhausen 1"]
[Site "Verbandsklasse - Gr. 2 2019/2"]
[Date "2019.10.27"]
[Round "2.6"]
[White "Doehmann, Joerg"]
[Black "Matthies, Jochen"]
[Result "1/2-1/2"]
[WhiteElo "1768"]
[BlackElo "1784"]
[Annotator "Daniel"]
[PlyCount "82"]
[EventDate "2019.??.??"]

1. d4 d5 2. Bf4 Nf6 3. e3 Bf5 4. c4 e6 5. Qb3 b6 6. Nc3 c6 7. Nf3 Bd6 8. Bg3
O-O 9. Rc1 Bxg3 10. hxg3 Nbd7 11. cxd5 cxd5 12. Ba6 Ne4 13. O-O Ndf6 14. Nxe4
Nxe4 15. Rc6 Qf6 16. Rfc1 Bg4 17. Qd1 Ng5 $11 18. Be2 Rfe8 19. Ne5 Bxe2 20.
Qxe2 Ne4 21. Qe1 Qg5 22. Rc7 Rf8 23. Nc6 h5 24. Nxa7 h4 25. gxh4 Qxh4 26. a3 g6
27. g3 Qh3 28. Qf1 Qf5 29. Nb5 Kg7 30. Nc3 Nd2 31. Qg2 Nf3+ 32. Kf1 Qd3+ 33.
Ne2 Qf5 34. R7c3 Rh8 35. Ng1 Nd2+ 36. Ke2 Ne4 37. Rc7 Rhb8 38. Qf3 b5 39. g4
Qf6 40. Qxf6+ Nxf6 41. g5 Ne4 1/2-1/2

[Event "SV Wattenscheid 3 - SW Oberhausen 1"]
[Site "Verbandsklasse - Gr. 2 2019/2"]
[Date "2019.10.27"]
[Round "2.7"]
[White "Holl, Michael"]
[Black "Schlee, Ulrich"]
[Result "1/2-1/2"]
[WhiteElo "1749"]
[BlackElo "1745"]
[Annotator "Daniel"]
[PlyCount "55"]
[EventDate "2019.??.??"]

1. e4 e5 2. Nf3 Nc6 3. c3 d5 4. Qa4 Qd6 5. exd5 Qxd5 6. Bc4 Qe4+ 7. Kf1 Be6 8.
d4 Bxc4+ 9. Qxc4 O-O-O 10. Nbd2 Qf5 11. Nb3 f6 12. Be3 Nge7 13. Rd1 Nd5 14. Qe2
Nxe3+ 15. Qxe3 e4 16. Nfd2 Qg4 17. f3 $11 exf3 18. Qxf3 Qg6 19. Ne4 Bd6 20.
Nxd6+ Rxd6 21. Re1 Qc2 22. Qe2 Qf5+ 23. Qf2 Qg6 24. Nc5 Rd5 25. Qe2 Rhd8 26.
Nd3 R5d7 27. Nf2 Re7 28. Qg4+ 1/2-1/2

[Event "SV Wattenscheid 3 - SW Oberhausen 1"]
[Site "Verbandsklasse - Gr. 2 2019/2"]
[Date "2019.10.27"]
[Round "2.8"]
[White "Kotulla, Guenter"]
[Black "Hufnagel, Markus"]
[Result "1-0"]
[WhiteElo "1711"]
[BlackElo "1574"]
[PlyCount "109"]
[EventDate "2019.??.??"]

1. e4 c5 2. Nf3 Nc6 3. Bb5 g6 4. O-O Bg7 5. Nc3 e6 6. d3 Nge7 7. Be3 b6 8. Qd2
O-O 9. Rad1 Nd4 10. Bxd4 cxd4 11. Ne2 a6 12. Ba4 b5 13. Bb3 e5 14. c3 dxc3 15.
bxc3 Bb7 16. Qe3 d5 17. Rfe1 Kh8 18. a4 f5 19. axb5 axb5 20. exd5 Nxd5 21. Bxd5
Qxd5 22. d4 f4 23. Qc1 e4 24. Nxf4 Rxf4 25. Qxf4 exf3 26. Re7 Rf8 27. Qc7 Qg5
28. g3 Qh6 29. h4 Bd5 30. Qd7 Bf6 31. Re8 Bb3 32. Rde1 Rxe8 33. Rxe8+ Bg8 34.
Qf7 Qg7 35. Rxg8+ Qxg8 36. Qxf6+ Qg7 37. Qxf3 Qe7 38. Qe3 Qa3 39. Qe5+ Kg8 40.
Qc5 Qxc5 41. dxc5 Kf7 42. f4 Ke6 43. Kf2 Kd5 44. c6 Kxc6 45. Ke3 Kc5 46. g4 Kc4
47. Kd2 Kd5 48. Kd3 h6 49. h5 gxh5 50. gxh5 Ke6 51. Ke4 Kf6 52. f5 Kf7 53. Ke5
Kf8 54. Kf6 Kg8 55. Ke7 1-0

[Event "FS Dortmund 1 - SG Bochum 3"]
[Site "Verbandsklasse - Gr. 2 2019/2"]
[Date "2019.10.27"]
[Round "2.1"]
[White "Fistoul, Boris"]
[Black "Reichmann, Oleg"]
[Result "0-1"]
[WhiteElo "2074"]
[BlackElo "2031"]
[Annotator "Verbandsklasse Gruppe 2, Saison 2019/20"]
[PlyCount "58"]
[EventDate "2019.??.??"]

1. d4 Nf6 2. c4 e6 3. Nc3 c5 4. d5 exd5 5. cxd5 d6 6. e4 g6 7. h3 Bg7 8. Nf3
O-O 9. Bd3 Re8 10. O-O a6 11. a4 c4 12. Bc2 Nbd7 13. Bf4 Ne5 14. Nd2 Nd3 15.
Bxd3 cxd3 16. Re1 Nh5 17. Bh2 Be5 18. Nf3 Bxh2+ 19. Kxh2 Nf4 20. Qd2 Qf6 21. e5
dxe5 22. Ne4 Qg7 23. Nd6 Rd8 24. Nxe5 Nxg2 25. Ndxf7 Nxe1 26. Nh6+ Kf8 27. Qf4+
Bf5 28. Nxf5 Qxe5 29. Qxe5 Nf3+ 0-1

[Event "FS Dortmund 1 - SG Bochum 3"]
[Site "Verbandsklasse - Gr. 2 2019/2"]
[Date "2019.10.27"]
[Round "2.3"]
[White "Finke, Dominik"]
[Black "Mewes, Karsten"]
[Result "0-1"]
[WhiteElo "1968"]
[BlackElo "1950"]
[Annotator "Verbandsklasse Gruppe 2, Saison 2019/20"]
[PlyCount "58"]
[EventDate "2019.??.??"]

1. e4 e6 2. d4 d5 3. Nc3 Bb4 4. e5 c5 5. a3 Bxc3+ 6. bxc3 Ne7 7. Qg4 Qc7 8.
Qxg7 Rg8 9. Qxh7 cxd4 10. Ne2 dxc3 11. f4 Nbc6 12. Qd3 Bd7 13. Nxc3 a6 14. h4
O-O-O 15. Rb1 Na5 16. Rh3 Nf5 17. Bd2 Nc4 18. a4 Bc6 19. h5 Nxd2 20. Qxd2 d4
21. Nd1 f6 22. exf6 e5 23. Bc4 Rxg2 24. Be6+ Kb8 25. Qb4 exf4 26. Bxf5 Qe5+ 27.
Ne3 dxe3 28. Qe7 Qc3+ 29. Kf1 Qd2 0-1

[Event "FS Dortmund 1 - SG Bochum 3"]
[Site "Verbandsklasse - Gr. 2 2019/2"]
[Date "2019.10.27"]
[Round "2.4"]
[White "BrendemÃ¼hl, Bernd"]
[Black "Gluma, Christian"]
[Result "1-0"]
[WhiteElo "1905"]
[BlackElo "1875"]
[Annotator "Verbandsklasse Gruppe 2, Saison 2019/20"]
[PlyCount "109"]
[EventDate "2019.??.??"]

1. e4 g6 2. d4 Bg7 3. Nf3 c6 4. c4 d5 5. cxd5 cxd5 6. e5 Nh6 7. Bd3 Nc6 8. Nc3
Bg4 9. Be3 Nf5 10. Bxf5 Bxf5 11. Qb3 O-O 12. Qxb7 Rc8 13. O-O Bd3 14. Rfc1 Bc4
15. Nb5 Na5 16. Qxa7 Ra8 17. Qc5 Bxa2 18. Rxa2 Nb3 19. Rxa8 Qxa8 20. Qc3 Nxc1
21. Qxc1 Qa5 22. Nc3 e6 23. h3 Rb8 24. Bh6 Qb4 25. Bxg7 Kxg7 26. Nd1 Qa4 27.
Ne3 h5 28. Kh2 Qb5 29. Nd1 Qe2 30. Qd2 Qf1 {(=)} 31. Ng5 Rb3 32. Nc3 Qa1 33.
Qf4 Qa7 34. Qf6+ Kg8 35. Nxe6 fxe6 36. Qxg6+ Qg7 37. Qxe6+ Qf7 38. Qxd5 Rxb2
39. Qxf7+ Kxf7 40. Ne4 Ke6 41. Kg3 Rb4 42. Nf6 Rxd4 43. Nxh5 Kxe5 44. f4+ Kf5
45. Kh4 Kg6 46. g4 Kh6 47. g5+ Kg6 48. Kg4 Ra4 49. Ng3 Ra3 50. h4 Kh7 51. h5
Kg7 52. Nf5+ Kh7 53. g6+ Kh8 54. h6 Ra7 55. Nd6 1-0

[Event "FS Dortmund 1 - SG Bochum 3"]
[Site "Verbandsklasse - Gr. 2 2019/2"]
[Date "2019.10.27"]
[Round "2.5"]
[White "Prieb, Robert"]
[Black "Grube, JÃ¶rg"]
[Result "0-1"]
[WhiteElo "1939"]
[BlackElo "1884"]
[Annotator "Verbandsklasse Gruppe 2, Saison 2019/20"]
[PlyCount "62"]
[EventDate "2019.??.??"]

1. d4 g6 2. c4 Bg7 3. e4 c5 4. d5 e6 5. Nc3 a6 6. a4 exd5 7. cxd5 d6 8. Bd3 Nf6
9. h3 O-O 10. Nf3 Nbd7 11. O-O Nh5 12. Be3 Qe7 13. Qc2 h6 14. Rfe1 Ne5 15. Nxe5
Qxe5 16. Qd2 g5 17. Be2 Nf4 18. Bxf4 gxf4 19. Bf3 Qg5 20. Kh2 Bd4 21. a5 Bd7
22. Rab1 Kh8 23. b4 Qh4 24. Rf1 Rg8 25. bxc5 dxc5 26. Rxb7 Rxg2+ 27. Bxg2 f3
28. Rxd7 fxg2 29. Kxg2 Rg8+ 30. Kf3 Qh5+ 31. Kf4 Qg5+ 0-1

[Event "FS Dortmund 1 - SG Bochum 3"]
[Site "Verbandsklasse - Gr. 2 2019/2"]
[Date "2019.10.27"]
[Round "2.6"]
[White "Jost, Udo"]
[Black "Klugstedt, Vincent C"]
[Result "1/2-1/2"]
[WhiteElo "1740"]
[BlackElo "1884"]
[Annotator "Verbandsklasse Gruppe 2, Saison 2019/20"]
[PlyCount "166"]
[EventDate "2019.??.??"]

1. e4 c5 2. Nf3 Nc6 3. c3 Nf6 4. d3 g6 5. Be2 Bg7 6. Nbd2 O-O 7. Nf1 d5 8. Qc2
e5 9. Ng3 Be6 10. h4 h5 11. Bg5 Rc8 12. Rd1 d4 13. c4 Qa5+ 14. Qd2 Nd7 15. Qxa5
Nxa5 16. Bd2 Nc6 17. Ng5 Rfe8 18. a3 Rb8 19. b4 b5 20. cxb5 Rxb5 21. Rc1 f6 22.
Nxe6 Rxe6 23. a4 Rb8 24. b5 Nd8 25. Bd1 Kf8 26. Bb3 Rd6 27. Ke2 a6 28. Bc4 Nb6
29. bxa6 Nxc4 30. Rxc4 Rxa6 31. Ra1 Ne6 32. Nf1 Ke7 33. g3 f5 34. Bg5+ Nxg5 35.
hxg5 Kd6 36. Nd2 Bf8 37. Rc2 Be7 38. f4 Ke6 39. Kf3 Rb4 40. a5 Rb5 41. exf5+
Kxf5 42. Re1 Bd6 43. Nc4 exf4 44. Nxd6+ Rxd6 45. gxf4 Rd5 46. a6 c4 47. Rxc4
Rb3 48. Rd1 Ke6 49. Ke4 Ra3 50. Rc6+ Rd6 51. Rxd6+ Kxd6 52. Kxd4 Ra4+ 53. Ke3
Rxa6 54. Rb1 Kc5 55. d4+ Kc4 56. Rc1+ Kd5 57. Rc5+ Kd6 58. f5 Ra3+ 59. Ke4
gxf5+ 60. Rxf5 h4 61. Rf6+ Ke7 62. Rh6 h3 63. d5 Kf7 64. d6 Ra4+ 65. Kf5 Ra5+
66. Kg4 Rd5 67. Rxh3 Rxd6 68. Rh7+ Kg8 69. Ra7 Rd1 70. Kf5 Rb1 71. Ra6 Kg7 72.
Ra7+ Kg8 73. Rd7 Rb5+ 74. Kg6 Rb6+ 75. Kh5 Ra6 76. g6 Ra1 77. Rd4 Rh1+ 78. Kg5
Rg1+ 79. Rg4 Rxg4+ 80. Kxg4 Kg7 81. Kg5 Kg8 82. Kf6 Kf8 83. Kg5 Kg7 1/2-1/2

[Event "FS Dortmund 1 - SG Bochum 3"]
[Site "Verbandsklasse - Gr. 2 2019/2"]
[Date "2019.10.27"]
[Round "2.7"]
[White "Walny, Benjamin"]
[Black "Potyrala, Lukasz-Rafal"]
[Result "1/2-1/2"]
[WhiteElo "1787"]
[BlackElo "1632"]
[Annotator "Verbandsklasse Gruppe 2, Saison 2019/20"]
[PlyCount "42"]
[EventDate "2019.??.??"]

1. e4 b6 2. d4 Bb7 3. Nc3 e6 4. Bf4 Bb4 5. Bd3 Nf6 6. f3 h6 7. Nge2 d5 8. a3
Bxc3+ 9. Nxc3 O-O 10. g4 dxe4 11. Bxe4 Nxe4 12. fxe4 f5 13. gxf5 exf5 14. Qd2
Qh4+ 15. Bg3 Qg4 16. Rf1 Nd7 17. Rf4 Qh5 18. Rh4 Qf3 19. Rf4 Qh5 20. Rh4 Qf3
21. Rf4 Qh5 1/2-1/2

[Event "SC Gerthe - Werne 1 - SV Bönen 1"]
[Site "Verbandsklasse - Gr. 3 2019/2"]
[Date "2019.10.27"]
[Round "2.2"]
[White "Brüggestraß, Volker"]
[Black "Lenz, Guntram"]
[Result "1-0"]
[WhiteElo "1994"]
[BlackElo "1915"]
[PlyCount "51"]
[EventDate "2019.??.??"]

1. e4 c6 2. d4 d5 3. exd5 cxd5 4. Bd3 Nc6 5. c3 Qc7 6. h3 Nf6 7. Nf3 g6 8. O-O
Bg7 9. Re1 O-O 10. Bg5 a6 11. a4 Bf5 12. Bxf5 gxf5 13. Bxf6 Bxf6 14. Qd3 e6 15.
Nbd2 Kh8 16. Nf1 f4 17. N1h2 Rae8 18. Ng4 Bg7 19. Ng5 f5 20. Rxe6 Qd7 21. Rxe8
Qxe8 22. Nh2 h6 23. Ngf3 Na5 24. Nd2 Qd7 25. Nhf3 Re8 26. Nh4 1-0

[Event "SC Gerthe - Werne 1 - SV Bönen 1"]
[Site "Verbandsklasse - Gr. 3 2019/2"]
[Date "2019.10.27"]
[Round "2.3"]
[White "Fuest, Torsten"]
[Black "Gottmann, Bernd"]
[Result "1-0"]
[WhiteElo "1888"]
[BlackElo "1953"]
[PlyCount "47"]
[EventDate "2019.??.??"]

1. d4 g6 2. c4 Bg7 3. Nc3 c5 4. d5 e5 5. e4 d6 6. Bd3 Ne7 7. Nge2 O-O 8. O-O
Na6 9. a3 Nc7 10. b4 b6 11. Rb1 Bd7 12. Be3 Ne8 13. Qd2 Kh8 14. Kh1 f5 15. f4
fxe4 16. Nxe4 Nf5 17. fxe5 Bxe5 18. Bg5 Nf6 19. Nxf6 Bxf6 20. Bxf6+ Rxf6 21.
bxc5 dxc5 22. Qc3 Kg7 23. g4 Ne3 24. g5 1-0

[Event "SC Gerthe - Werne 1 - SV Bönen 1"]
[Site "Verbandsklasse - Gr. 3 2019/2"]
[Date "2019.10.27"]
[Round "2.4"]
[White "Berens, Thomas"]
[Black "Merz, Martin"]
[Result "1/2-1/2"]
[WhiteElo "1814"]
[BlackElo "2009"]
[PlyCount "22"]
[EventDate "2019.??.??"]

1. d4 d5 2. Nf3 Nf6 3. e3 g6 4. Be2 Bg7 5. O-O O-O 6. c4 c6 7. Nc3 Bg4 8. b3
Ne4 9. Bb2 Nd7 10. h3 Nxc3 11. Bxc3 Bxf3 1/2-1/2

[Event "SC Gerthe - Werne 1 - SV Bönen 1"]
[Site "Verbandsklasse - Gr. 3 2019/2"]
[Date "2019.10.27"]
[Round "2.5"]
[White "Mönkemeyer, Maik"]
[Black "Kalle, Yannis"]
[Result "0-1"]
[WhiteElo "1867"]
[BlackElo "1811"]
[PlyCount "80"]
[EventDate "2019.??.??"]

1. d4 Nf6 2. Bg5 h6 3. Bxf6 gxf6 4. c4 e5 5. e3 d6 6. Bd3 Nc6 7. Ne2 Rg8 8. g3
Bg4 9. Qa4 Bd7 10. Qb3 a5 11. Nbc3 Nb4 12. Bb1 Bg4 13. a3 Bf3 14. Rg1 Na6 15.
e4 b6 16. Qb5+ Qd7 17. Nd5 Bg7 18. Qxd7+ Kxd7 19. dxe5 fxe5 20. b4 Rab8 21. b5
Nc5 22. Nec3 Rbf8 23. g4 Bh8 24. h3 h5 25. g5 h4 26. Bc2 Ne6 27. Kd2 Nxg5 28.
Ke3 Bh5 29. Bd1 Bxd1 30. Raxd1 f5 31. exf5 Rxf5 32. Ne4 Rg7 33. Rg2 Nxh3 34.
Rxg7+ Bxg7 35. Rh1 Bh6+ 36. Ke2 Nf4+ 37. Nxf4 Rxf4 38. f3 Ke6 39. Rh3 d5 40.
Kd3 dxe4+ 0-1

[Event "SC Gerthe - Werne 1 - SV Bönen 1"]
[Site "Verbandsklasse - Gr. 3 2019/2"]
[Date "2019.10.27"]
[Round "2.6"]
[White "Melmer, Felix"]
[Black "Helmert, Jochen"]
[Result "1/2-1/2"]
[WhiteElo "1813"]
[BlackElo "1876"]
[PlyCount "110"]
[EventDate "2019.??.??"]

1. d4 Nf6 2. c4 e6 3. Nc3 Bb4 4. Qc2 d5 5. cxd5 exd5 6. Bg5 O-O 7. e3 c6 8. Bd3
h6 9. Bh4 Re8 10. Nge2 a5 11. h3 Na6 12. a3 Be7 13. g4 Ne4 14. Bxe7 Qxe7 15.
Bxe4 dxe4 16. Ng3 f5 17. gxf5 Qf7 18. Ncxe4 Bxf5 19. Nxf5 Qxf5 20. Qb3+ Qe6 21.
Qxe6+ Rxe6 22. f3 Rf8 23. Ke2 Rf5 24. Rac1 Rb5 25. Rc2 Rb3 26. Kf2 Kf8 27. Rd1
Ke7 28. d5 cxd5 29. Rxd5 Reb6 30. Rdd2 Re6 31. Nc3 Nc7 32. e4 Rc6 33. Na4 Rxc2
34. Rxc2 Ne6 35. Rc4 Rb5 36. h4 g6 37. Rc8 Kf7 38. Rb8 Nf4 39. Rd8 Ne6 40. Rd7+
Kf6 41. Kg3 Rb3 42. Rd6 Rb5 43. Rb6 Rxb6 44. Nxb6 Nc5 45. b4 axb4 46. axb4 Nd3
47. Nd5+ Ke5 48. b5 Kd6 49. f4 Nc5 50. Kf3 Nd7 51. Ke3 Kc5 52. b6 Nf8 53. Kd3
Ne6 54. Kc3 Nf8 55. Kb3 Ne6 1/2-1/2

[Event "SC Gerthe - Werne 1 - SV Bönen 1"]
[Site "Verbandsklasse - Gr. 3 2019/2"]
[Date "2019.10.27"]
[Round "2.7"]
[White "Schötz, Hans-Joachim"]
[Black "Löffelbein, Klaus"]
[Result "1-0"]
[WhiteElo "1869"]
[BlackElo "1823"]
[PlyCount "65"]
[EventDate "2019.??.??"]

1. e4 c5 2. Nf3 a6 3. d4 cxd4 4. Nxd4 Nf6 5. Nc3 e5 6. Nb3 Bb4 7. Bc4 Qc7 8.
Qd3 b5 9. Bd5 Nxd5 10. exd5 Bxc3+ 11. bxc3 d6 12. O-O Nd7 13. Qg3 g6 14. f4 Bb7
15. fxe5 Nxe5 16. Bg5 Rc8 17. Bf6 Rf8 18. Rae1 Bxd5 19. Re3 Be6 20. Nd4 Qd7 21.
Bg7 Rg8 22. Bxe5 dxe5 23. Rxe5 Rg7 24. Qe3 Rc7 25. Qh6 Rg8 26. Qxh7 Rf8 27. Qg7
Rc6 28. Rf6 Rd6 29. Rexe6+ Rxe6 30. Nxe6 Qd1+ 31. Rf1 Qxf1+ 32. Kxf1 fxe6+ 33.
Ke2 1-0

[Event "SC Gerthe - Werne 1 - SV Bönen 1"]
[Site "Verbandsklasse - Gr. 3 2019/2"]
[Date "2019.10.27"]
[Round "2.8"]
[White "Meise, Ulrich"]
[Black "Wegner, Stephan"]
[Result "0-1"]
[WhiteElo "1820"]
[BlackElo "1710"]
[PlyCount "144"]
[EventDate "2019.??.??"]

1. e4 e6 2. Nf3 d5 3. exd5 exd5 4. d4 Nc6 5. Bd3 Bd6 6. O-O Nge7 7. Re1 O-O 8.
Ng5 Bf5 9. Rxe7 Nxe7 10. Bxf5 Nxf5 11. Qd3 h6 12. Qxf5 hxg5 13. Bxg5 f6 14. Be3
c6 15. Nd2 Qe7 16. Nf3 Rae8 17. c3 Qe6 18. Qh5 Qe4 19. Qh3 Rf7 20. Re1 Rfe7 21.
Rf1 g5 22. g4 Rh7 23. Qg2 Bf4 24. Bxf4 Qxf4 25. Rd1 Kg7 26. b3 Reh8 27. Re1 Kf8
28. Re3 Rh3 29. Kf1 R3h7 30. Ke2 Re7 31. Kd2 Rhh7 32. Ke2 Re4 33. h3 Rhe7 34.
Qg1 Rxe3+ 35. fxe3 Qe4 36. Qc1 Rh7 37. Qf1 Qc2+ 38. Nd2 Rf7 39. c4 Qxa2 40. Qf5
Qa6 41. Kf3 Qa5 42. Ke2 Qd8 43. Kd3 Qd7 44. Qf3 f5 45. Qg3 f4 46. exf4 dxc4+
47. bxc4 Rxf4 48. Qe3 Qf7 49. Qe5 Qh7+ 50. Kc3 Qxh3+ 51. Kb4 Qxg4 52. Qb8+ Kg7
53. Qxb7+ Rf7 54. Qxc6 Qxd4 55. Qg2 Qb2+ 56. Ka4 Qa2+ 57. Kb4 Qb2+ 58. Ka4 Qf6
59. Nb3 Qa6+ 60. Na5 Rf5 61. Qd2 Kg6 62. Qd8 g4 63. Qg8+ Kh5 64. Qh8+ Kg5 65.
Qg7+ Qg6 66. Qxa7 Qe8+ 67. Ka3 Rf3+ 68. Nb3 Qe3 69. Qg7+ Kh4 70. Qh8+ Kg3 71.
Qb8+ Kg2 72. c5 Qxc5+ 0-1

[Event "SV Unser Fritz 1 - Schwarze Dame Osterf"]
[Site "Verbandsklasse - Gr. 3 2019/2"]
[Date "2019.10.27"]
[Round "2.1"]
[White "Grewe, Ludger"]
[Black "Mueller, Martin"]
[Result "1/2-1/2"]
[WhiteElo "2123"]
[BlackElo "2014"]
[PlyCount "81"]
[EventDate "2019.??.??"]

1. e4 d6 2. d4 Nf6 3. Nc3 e5 4. Nf3 Nbd7 5. Bc4 Be7 6. O-O O-O 7. Qe2 c6 8. a4
a5 9. Rd1 exd4 10. Nxd4 Nc5 11. e5 Ng4 12. e6 Ne5 13. exf7+ Kh8 14. Ba2 Nxf7
15. Ne6 Nxe6 16. Bxe6 d5 17. Bxc8 Rxc8 18. Be3 Nd6 19. Bc5 b6 20. Ba3 Bf6 21.
Qe6 Bxc3 22. Qxd6 Qxd6 23. Bxd6 Rfd8 24. Ba3 Bf6 25. Re1 Re8 26. Kf1 Kg8 27.
Rxe8+ Rxe8 28. Re1 Kf7 29. Rxe8 Kxe8 30. b3 Kd7 31. Ke2 Bd4 32. f3 Ke6 33. Kd3
Bg1 34. Bb2 g6 35. h3 Bh2 36. Bd4 Bc7 37. Be3 Bd8 38. Bf4 Be7 39. Bc7 Bc5 40.
g4 Bg1 41. Bg3 1/2-1/2

[Event "SV Unser Fritz 1 - Schwarze Dame Osterf"]
[Site "Verbandsklasse - Gr. 3 2019/2"]
[Date "2019.10.27"]
[Round "2.2"]
[White "Jungbluth, Michael"]
[Black "Laudage, Bernd"]
[Result "1/2-1/2"]
[WhiteElo "1999"]
[BlackElo "2008"]
[PlyCount "32"]
[EventDate "2019.??.??"]

1. d4 Nf6 2. Nf3 d6 3. c4 c6 4. Nc3 Qc7 5. g3 e5 6. Bg2 Be7 7. O-O O-O 8. Qc2
Bg4 9. dxe5 dxe5 10. e4 Nbd7 11. Be3 Be6 12. b3 h6 13. h3 Bc5 14. Bxc5 Nxc5 15.
Kh2 Rad8 16. Rad1 Bc8 1/2-1/2

[Event "SV Unser Fritz 1 - Schwarze Dame Osterf"]
[Site "Verbandsklasse - Gr. 3 2019/2"]
[Date "2019.10.27"]
[Round "2.3"]
[White "Fiori, Bruno"]
[Black "Distelrath, Oliver"]
[Result "1/2-1/2"]
[WhiteElo "1913"]
[BlackElo "1872"]
[PlyCount "51"]
[EventDate "2019.??.??"]

1. e4 d6 2. d4 Nf6 3. Nc3 e5 4. Nf3 Nbd7 5. h3 Be7 6. Be3 c6 7. a4 O-O 8. Bc4
Qc7 9. O-O b6 10. Qe2 a6 11. Rfd1 Bb7 12. Bg5 b5 13. axb5 cxb5 14. dxe5 dxe5
15. Bd5 Bxd5 16. exd5 Bd6 17. Bxf6 Nxf6 18. Ng5 Nd7 19. Nce4 h6 20. Nxd6 Qxd6
21. Ne4 Qg6 22. Rd3 f5 23. Nd2 e4 24. Rd4 Rfe8 25. Ra3 Qf6 26. c3 1/2-1/2

[Event "SV Unser Fritz 1 - Schwarze Dame Osterf"]
[Site "Verbandsklasse - Gr. 3 2019/2"]
[Date "2019.10.27"]
[Round "2.4"]
[White "Mikulski, Georg"]
[Black "Heisterkamp, Oliver"]
[Result "1/2-1/2"]
[WhiteElo "1893"]
[BlackElo "1891"]
[PlyCount "73"]
[EventDate "2019.??.??"]

1. e4 d5 2. exd5 Qxd5 3. Nc3 Qd6 4. d4 Nf6 5. Nf3 a6 6. g3 Bg4 7. h3 Bh5 8. Bg2
c6 9. Bf4 Qd8 10. Qd2 Bxf3 11. Bxf3 e6 12. g4 Bb4 13. a3 Ba5 14. O-O O-O 15.
Bg5 Bc7 16. Bh4 Nbd7 17. Qe2 Qb8 18. Be4 Re8 19. Rad1 Nd5 20. Qf3 Nf8 21. Nxd5
cxd5 22. Bd3 b5 23. c3 Bd6 24. Bg3 Rc8 25. Bxd6 Qxd6 26. Qe3 Rab8 27. f4 Re8
28. Qe5 Qxe5 29. fxe5 Rec8 30. Rc1 Nd7 31. Rf2 Rc7 32. Rfc2 Nb6 33. Kf2 g6 34.
Ke2 Kg7 35. Rf1 Nc4 36. Bxc4 bxc4 37. Kd2 1/2-1/2

[Event "SV Unser Fritz 1 - Schwarze Dame Osterf"]
[Site "Verbandsklasse - Gr. 3 2019/2"]
[Date "2019.10.27"]
[Round "2.5"]
[White "Bensch, Arnold Heinrich"]
[Black "Tober, Julian"]
[Result "0-1"]
[WhiteElo "1803"]
[BlackElo "1738"]
[PlyCount "78"]
[EventDate "2019.??.??"]

1. d4 Nf6 2. c4 c5 3. d5 b5 4. cxb5 a6 5. e3 d6 6. Nc3 g6 7. Nf3 Bg7 8. Be2 O-O
9. O-O Nbd7 10. Qc2 Nb6 11. Rd1 Ne8 12. bxa6 Bxa6 13. Bxa6 Rxa6 14. b3 Nc7 15.
e4 Qd7 16. Bb2 Rfa8 17. Nd2 e6 18. Nc4 exd5 19. Nxb6 Rxb6 20. Nxd5 Nxd5 21.
Bxg7 Nb4 22. Qb2 f5 23. Bh6 fxe4 24. a3 Nd3 25. Qc3 Qf7 26. b4 Qxf2+ 27. Kh1
Qd4 28. Qxd4 cxd4 29. Kg1 Rba6 30. Rf1 Nxb4 31. Rab1 Nc6 32. Rb7 Ne5 33. Rg7+
Kh8 34. h3 e3 35. Re7 e2 36. Re1 d3 37. Kf2 R6a7 38. Re6 Rf7+ 39. Ke3 Rf1 0-1

[Event "SV Unser Fritz 1 - Schwarze Dame Osterf"]
[Site "Verbandsklasse - Gr. 3 2019/2"]
[Date "2019.10.27"]
[Round "2.6"]
[White "Goessling, Jürgen"]
[Black "Jerig, Markus"]
[Result "0-1"]
[WhiteElo "1745"]
[BlackElo "1735"]
[PlyCount "78"]
[EventDate "2019.??.??"]

1. e4 d6 2. Nf3 g6 3. Bc4 e6 4. d3 f6 5. Nc3 Nh6 6. Be3 Nf7 7. Qd2 Nc6 8. a3
Bg7 9. O-O-O a6 10. h4 h5 11. Nd4 Nxd4 12. Bxd4 c5 13. Be3 b5 14. Ba2 Bd7 15.
f4 a5 16. f5 gxf5 17. exf5 e5 18. Ne4 Qc7 19. Rdf1 Nh6 20. Bd5 Rb8 21. Be6 Ng4
22. Bg5 b4 23. Kd1 Ke7 24. Ng3 bxa3 25. bxa3 Rb2 26. Bb3 Rb1+ 27. Ke2 Rxf1 28.
Rxf1 Qb7 29. Rg1 a4 30. Be6 Bxe6 31. fxe6 Kxe6 32. Qc3 fxg5 33. Nxh5 Rxh5 34.
Qc4+ Ke7 35. Qxg4 Rxh4 36. Qxg5+ Bf6 37. Qg3 Qb2 38. Kd2 Qd4 39. Rf1 Rf4 0-1

[Event "SV Unser Fritz 1 - Schwarze Dame Osterf"]
[Site "Verbandsklasse - Gr. 3 2019/2"]
[Date "2019.10.27"]
[Round "2.7"]
[White "Hoehn, Helmut"]
[Black "Nowicki, Heiko"]
[Result "0-1"]
[WhiteElo "1709"]
[BlackElo "1775"]
[PlyCount "56"]
[EventDate "2019.??.??"]

1. b4 e5 2. Bb2 Bxb4 3. Bxe5 Nf6 4. c4 Nc6 5. Bb2 O-O 6. e3 d5 7. cxd5 Nxd5 8.
Nf3 Bg4 9. Be2 Re8 10. O-O Qe7 11. a3 Ba5 12. Nd4 Bxe2 13. Nxe2 Rad8 14. Nbc3
Nxc3 15. Bxc3 Bxc3 16. Nxc3 Rd3 17. Qc2 Red8 18. Rfd1 a6 19. Ra2 Na5 20. Nb1 c5
21. Qa4 Nb3 22. Rb2 Qe6 23. Kf1 b5 24. Qf4 c4 25. Rc2 h6 26. h4 Qe7 27. g3 Qe6
28. Qf3 Nd4 0-1

[Event "SV Unser Fritz 1 - Schwarze Dame Osterf"]
[Site "Verbandsklasse - Gr. 3 2019/2"]
[Date "2019.10.27"]
[Round "2.8"]
[White "Koch, Till"]
[Black "Kyritsis, Christoph"]
[Result "1-0"]
[WhiteElo "1747"]
[BlackElo "1600"]
[PlyCount "69"]
[EventDate "2019.??.??"]

1. e4 e5 2. Nf3 Nc6 3. Bc4 Bc5 4. c3 Nf6 5. d4 exd4 6. cxd4 Bb4+ 7. Bd2 Qe7 8.
O-O O-O 9. a3 Bxd2 10. Nbxd2 d6 11. Re1 Bg4 12. Qc2 Bh5 13. e5 Bg6 14. Qc3 dxe5
15. d5 Nd8 16. Nxe5 Qd6 17. Nxg6 hxg6 18. Ne4 Nxe4 19. Rxe4 a6 20. Rae1 b5 21.
Bb3 Nb7 22. Re7 Nc5 23. Ba2 Nd7 24. R1e6 Qc5 25. Qxc5 Nxc5 26. Rc6 Nd3 27.
Rcxc7 Nxb2 28. d6 Nc4 29. Bxc4 bxc4 30. Rxc4 Rac8 31. Rcc7 Rb8 32. Kf1 Rbd8 33.
d7 Ra8 34. Re5 Rfd8 35. Rec5 1-0